|
|
|
|
| LEADER |
00000nam a22000007a 4500 |
| 003 |
cru IIS |
| 005 |
20220426062541.0 |
| 008 |
220404s1987 gt n|p|r 00| 0 sp spa d |
| 040 |
|
|
|c cru IIS
|
| 090 |
|
|
|a REV0117
|
| 110 |
2 |
|
|a FLACSO (Guatemala)
|9 4866
|
| 245 |
1 |
|
|a Boletín Informativo /
|c Facultad Latinoamericana de Ciencias Sociales. Proyecto Guatemala
|
| 260 |
|
|
|a Guatemala:
|b FLACSO,
|c 1987-
|
| 270 |
|
|
|a Edificio plaza del Sol, 5to. nivel 12 calle 2-04, zona 9
|d Guatemala
|
| 500 |
|
|
|a PERIODICIDAD : Irregular EXISTENCIAS : 1987 (1-2) 1988 (3-5) 1989 (6-9) 1990 (10, 12-13)
|
| 500 |
|
|
|a Colección Centroamérica
|
| 650 |
|
0 |
|9 2306
|a SEMINARIOS
|
| 650 |
|
0 |
|9 411
|a DESARROLLO POLITICO
|
| 650 |
|
0 |
|9 2142
|a DESARROLLO ECONOMICO
|
| 651 |
|
0 |
|9 142
|a GUATEMALA
|
| 942 |
|
|
|2 ddc
|c PP
|
| 999 |
|
|
|c 44180
|d 44180
|